000 00618nam a2200229Ia 4500
005 20241216010535.0
008 180423s9999||||xx |||||||||||||| ||und||
020 _a84-282-0700-3
082 _a547.87
_bB39
100 _aBERKALOFF, ANDRE Y OTROS
245 0 _aBIOLOGIA Y FISIOLOGIA CELULAR
_bCLOROPLASTOS, PEROXISOMAS, DIVISION CELULAR
250 _a0
260 _aBARCELONA
_bOMEGA
_c1987
300 _a182 pag
_c26 cm
341 _h0
490 _v0
_a3
505 _aCLOROPLASTOS-PEROXISOMAS/CELULA-MITOSIS
541 _aC
_d11-Oct-95
650 _aCIENCIAS PURAS
856 _zCC. Puras
942 _cLIBRO
999 _c17204
_d17204